The enforcement of adjudicators' awards under the Housing Grants, Construction and Regeneration Act 1996 (Record no. 79155)

MARC details
000 -LEADER
fixed length control field 01938cab a22003375a 4500
001 - CONTROL NUMBER
control field L140004
008 - FIXED-LENGTH DATA ELEMENTS--GENERAL INFORMATION
fixed length control field 070829s2007 xxk f 000 0 eng d
035 ## - SYSTEM CONTROL NUMBER
System control number (Sirsi) u140004
041 0# - LANGUAGE CODE
Language code of text/sound track or separate title eng
100 1# - MAIN ENTRY--PERSONAL NAME
Personal name Salmon, Kenneth T.
245 04 - TITLE STATEMENT
Title The enforcement of adjudicators' awards under the Housing Grants, Construction and Regeneration Act 1996
Remainder of title part 24
260 ## - PUBLICATION, DISTRIBUTION, ETC.
Date of publication, distribution, etc. 2007
490 #0 - SERIES STATEMENT
Series statement Arbitration
Volume/sequential designation 73(3) August 2007, 324-334(11)
520 ## - SUMMARY, ETC.
Summary, etc. Reviews recent case law arising from the enforcement of adjudicator's awards under the provisions of the Housing Grants, Construction and Regeneration Act 1996. The cases are categorised under the following subjects: construction contract; decision - effect of unwinding a decision; decision - extent to which previous decision binding; decision ? time for; jurisdiction; service of documents; and set off/stay.
590 ## - LOCAL NOTE (RLIN)
Local note KA
650 24 - SUBJECT ADDED ENTRY--TOPICAL TERM
Topical term or geographic name entry element MELVILLE DUNDAS LTD V HOTEL CORPORATION OF EDINBURGH LTD
650 24 - SUBJECT ADDED ENTRY--TOPICAL TERM
Topical term or geographic name entry element HG CONSTRUCTION LTD V ASHWELL HOMES (EAST ANGLIA) LTD
650 24 - SUBJECT ADDED ENTRY--TOPICAL TERM
Topical term or geographic name entry element EPPING ELECTRICAL CO LTD V BRIGGS AND FORRESTER (PLUMBING SERVICES) LTD
650 24 - SUBJECT ADDED ENTRY--TOPICAL TERM
Topical term or geographic name entry element AVEAT HEATING LTD V JERRAM FALKUS CONSTRUCTION LTD
650 24 - SUBJECT ADDED ENTRY--TOPICAL TERM
Topical term or geographic name entry element BENNETT (ELECTRICAL) SERVICES LTD V INVIRON LTD
650 24 - SUBJECT ADDED ENTRY--TOPICAL TERM
Topical term or geographic name entry element CASTLE INNS (STIRLING) LTD V CLARK CONTRACTS LTD
650 24 - SUBJECT ADDED ENTRY--TOPICAL TERM
Topical term or geographic name entry element CUBBITT BUILDING AND INTERIORS LTD V FLEETGLADE LTD
650 24 - SUBJECT ADDED ENTRY--TOPICAL TERM
Topical term or geographic name entry element MULTIPLEX CONSTRUCTIONS (UK) LTD V MOTT MACDONALD LTD
650 24 - SUBJECT ADDED ENTRY--TOPICAL TERM
Topical term or geographic name entry element LEAD TECHNICAL SERVICES LTD V CMS MEDICAL LTD
650 24 - SUBJECT ADDED ENTRY--TOPICAL TERM
Topical term or geographic name entry element NAGEH V GIDDINGS
650 24 - SUBJECT ADDED ENTRY--TOPICAL TERM
Topical term or geographic name entry element MANAGEMENT SOLUTIONS & PROFESSIONAL CONSULTANTS LTD V BENNETT (ELECTRICAL) SERVICES LTD
650 24 - SUBJECT ADDED ENTRY--TOPICAL TERM
Topical term or geographic name entry element HOUSING GRANTS, CONSTRUCTION AND REGENERATION ACT 1996
651 #4 - SUBJECT ADDED ENTRY--GEOGRAPHIC NAME
Geographic name England and Wales
Chronological subdivision 1543-
690 ## - LOCAL SUBJECT ADDED ENTRY--TOPICAL TERM (OCLC, RLIN)
Topical term or geographic name as entry element MANAGEMENT-DISPUTE AVOIDANCE, MANAGEMENT AND RESOLUTION-DISPUTE MANAGEMENT AND RESOLUTION-ALTERNATIVE DISPUTE RESOLUTION-ADJUDICATION-ADJUDICATION AWARDS
942 ## - ADDED ENTRY ELEMENTS (KOHA)
Suppress in OPAC 0
Holdings
Withdrawn status Lost status Source of classification or shelving scheme Damaged status Not for loan Home library Current library Shelving location Date acquired Total Checkouts Full call number Barcode Date last seen Copy number Price effective from Koha item type
    Dewey Decimal Classification     London London Journal article 29/08/2007   L140004 140004-1001 06/08/2019 1 06/08/2019 Journal article